| 000 | 01008nam2a2200253 4500 | ||
|---|---|---|---|
| 001 | RU\NLR\bibl\435935 | ||
| 005 | 20250623173402.0 | ||
| 010 |
_a5-7755-0521-2 _bч. 3 _96000 |
||
| 021 |
_aRU _b2003-45038 _92149 |
||
| 035 | _a(NLR Aleph) 000429729 | ||
| 090 |
_a746794 _c746794 |
||
| 100 | _a20030904d2003 |||y0rusy50 ca | ||
| 101 | 0 | _arus | |
| 102 | _aRU | ||
| 105 | _aa ||||||||| | ||
| 200 | 0 | _aЧ. 3 | |
| 210 |
_d2003 _aБ. м. |
||
| 215 |
_a64 с. _cил., цв. ил. |
||
| 461 | 0 |
_1001RU\NLR\bibl\437832 _12001#$aМатематика$vЧ. 3 _9757901 _cМ. _d2003 _fВ.В. Давыдов, С.Ф. Горбов, Г.Г. Микулина, О.В. Савельева _nВита-Пресс _oУчеб.-тетр. для 2 кл. четырехлет. нач. шк. (Система Д.Б. Эльконина - В.В. Давыдова) : В 3 ч. _tМатематика _y5-7755-0522-0 _vЧ. 3 |
|
| 801 | 0 |
_aRU _bNLR _c20030912 _gPSBO |
|
| 801 | 1 |
_aRU _bNLR _c20030912 |
|
| 942 | _cBOOK | ||
| 980 | _aNB | ||